Preparación de un programa para calcular flujos de energia en sistemas de potencia en condiciones normales
Gorde:
| Egile nagusia: | |
|---|---|
| Beste egile batzuk: | |
| Formatua: | Liburua |
| Argitaratua: |
[San José , Costa Rica]
1972
|
| Etiketak: |
Etiketa erantsi
Etiketarik gabe, Izan zaitez lehena erregistro honi etiketa jartzen!
|
MARC
| LEADER | 00000nam a2200000Ia 4500 | ||
|---|---|---|---|
| 003 | PIE114 | ||
| 005 | 20231115100935.0 | ||
| 008 | 140116s1972 c a m 000 ||s d | ||
| 040 | |c cru CEDI | ||
| 090 | |a PIE-114 | ||
| 100 | |a Salazar Ramírez, Alberto |9 18211 | ||
| 245 | |a Preparación de un programa para calcular flujos de energia en sistemas de potencia en condiciones normales | ||
| 260 | |a [San José , Costa Rica] |c 1972 | ||
| 500 | |a A la cabeza de la portada. Universidad de Costa Rica. Facultad de Ingeniería. Escuela de Ingeniería Eléctrica. Laboratorio Eléctrico B | ||
| 501 | |a Profesor Guía: Ing. Álvaro Beltrán | ||
| 700 | |a Beltrán, Álvaro |d Director de Proyecto Eléctrico |9 1772 | ||
| 942 | |c PIE |h PIE-114 |i PIE114 |6 PIE_114_PIE114 | ||
| 999 | |c 13472 |d 13472 | ||
